Veselé povídání o zvířátkách /

Main Author: Randall, Ronne
Other Authors: Volhejnová, Veronika, 1962-, Stevenson, Peter, 1953-
Language: Czech
Published: Havlíčkův Brod : Fragment, 2002
Edition: 1. vyd.
Physical Description: 48 s. : barev. il. ; 30 cm
Book
Saved in:
LEADER 01227nam a2200349 a 4500
001 000632471
003 CZ BrMZK
005 20090212131324.0
007 ta
008 021023s2002 xr b j cze d
015 |a cnb001184543 
020 |a 80-7200-537-5 
035 |a (OCoLC)85037777 
040 |a BOA001  |b cze 
041 1 |a cze  |h eng 
072 7 |a 821-93  |x Literatura pro děti a mládež (beletrie)  |2 Konspekt  |9 26 
080 |a 821-93  |2 MRF 
080 |a 821-32  |2 MRF 
080 |a (0:82-32)  |2 MRF 
100 1 |a Randall, Ronne  |7 mzk2005278236  |4 com 
245 1 0 |a Veselé povídání o zvířátkách /  |c vybrala Ronne Radallová ; [přeložila Veronika Volhejnová] ; ilustroval Peter Stevenson 
250 |a 1. vyd. 
260 |a Havlíčkův Brod :  |b Fragment,  |c 2002 
300 |a 48 s. :  |b barev. il. ;  |c 30 cm 
655 7 |a příběhy  |7 fd133204  |2 czenas 
655 7 |a publikace pro děti  |7 fd133156  |2 czenas 
700 1 |a Volhejnová, Veronika,  |d 1962-  |7 jn20010309724  |4 trl 
700 1 |a Stevenson, Peter,  |d 1953-  |7 xx0003404  |4 ill 
765 0 |t Animal Stories  |9 Česky 
910 |a BOA001  |b 4-1109.001 
990 |a BK 
996 6 |b 2610172892  |c 4-1109.001  |l MZK  |r Sklad / do 1 hodiny  |n 3  |p p.v.  |w 000632471  |u 000010  |a 1  |e BOA001  |j MZK50  |s P